| 000 | 01350nam a22002657a 4500 | ||
|---|---|---|---|
| 001 | BRCA_9509 | ||
| 003 | FranzMayer | ||
| 005 | 20230823120723.0 | ||
| 008 | 230811b |||||||| |||| 00| 0 eng d | ||
| 040 |
_aMFM _besp _cMFM |
||
| 050 | 0 |
_aBJ63 _bL83 (S/N) |
|
| 100 | 1 |
_4Autor _aP. Ludovico _929015 |
|
| 240 |
_aUniver Can _hJuxta triplex juris obj. Nunc vero fervato ordine Decre & Indice copioso locupletatum; Privilegiis Monasferiorum, novissim _lLatín |
||
| 245 | 0 |
_aUniver Can _bJuxta triplex juris obj. Nunc vero fervato ordine Decre & Indice copioso locupletatum; Privilegiis Monasferiorum, novissim |
|
| 260 | _aVenecia | ||
| 300 |
_aSin numeración _c40 cm |
||
| 500 | _aEl libro presenta mucho daño lo que dificulta su lectura ,así mismo genera que se desconozcan datos como el nombre completo, nombre completo del autor o año y lugar de publicación. | ||
| 500 | _aFondo antiguo | ||
| 500 | _aEjemplar s encuentra en caja fuerte | ||
| 501 | _aFondo reservado: para su consulta es necesario credencial de usuario y carta motivos | ||
| 505 | _aTexto en: latínDirigido a: científicos, estudiosos, historiadoresIncluye índice temático | ||
| 650 | 1 |
_2Trabajos generales _aEnciclopedia _vDiccionario _929016 |
|
| 651 | 2 |
_2Enciclopedias universales _aEnciclopedias generales _vEnciclopedias en latín _929017 |
|
| 942 |
_2lcc _cB |
||
| 999 |
_c10931 _d10931 |
||